Značka, imidž a identita Európskej únie

Značka a faktory tvorby jej hodnoty. Značka "Európska únia". Výsledky výskumov, ktoré mali za cieľ zistiť vnímanie Európskej únie euroobčanmi. Princíp Európskej únie - jednota v rôznorodosti.

Gespeichert in:
Bibliographische Detailangaben
1. Verfasser: Pčolinská, Lenka
Format: Buchkapitel
Sprache:Slowakisch
Schlagworte:
Tags: Tag hinzufügen
Keine Tags, Fügen Sie das erste Tag hinzu!

MARC

LEADER 00000naa$a2200000$$$4500
001 0096679
005 20240716093631.4
041 0 |a slo 
044 |a SK 
245 1 0 |a Značka, imidž a identita Európskej únie  |c Lenka Pčolinská 
520 |a Značka a faktory tvorby jej hodnoty. Značka "Európska únia". Výsledky výskumov, ktoré mali za cieľ zistiť vnímanie Európskej únie euroobčanmi. Princíp Európskej únie - jednota v rôznorodosti. 
610 2 0 |a Európska únia 
610 2 0 |a značky kvality 
610 2 0 |a identita 
610 2 0 |a imidž 
610 2 0 |a výskum 
100 1 |a Pčolinská, Lenka